Jesús, el Cristo

Gorde:
Xehetasun bibliografikoak
Egile nagusia: Kasper, Walter (autor)
Formatua: Liburua
Hizkuntza:gaztelania
Argitaratua: Salamanca Sígueme 1979
Edizioa:3a. ed
Saila:Colección Verdad e Imagen, 45
Gaiak:
Etiketak: Etiketa erantsi
Etiketarik gabe, Izan zaitez lehena erregistro honi etiketa jartzen!

MARC

LEADER 00000cam a2200000 a 4500
001 UCL1761
003 CL-VaPUC
008 030926e19790000SP |||||||||||||||||spa|d
020 |a 8430104348 
082 0 4 |a 232  |b KAS  |2 21 
100 |a Kasper, Walter  |e autor  |9 597382 
245 1 0 |a Jesús, el Cristo 
250 |a 3a. ed 
300 |a 349 p 
942 |c BK 
945 |d 20030926 00:00:00  |a vberengu 
260 |a Salamanca  |b Sígueme  |c 1979 
600 0 |a Jesús  |9 313614 
650 0 |a Cristología   |9 315091 
583 |a last modification  |c 20150508 09:34:03  |k Rodrigo Vera 
490 0 |a Colección Verdad e Imagen, 45 
999 |c 305202  |d 305200 
952 |0 0  |1 0  |4 0  |6 232_000000000000000_KAS_1979  |7 0  |8 A  |9 368306  |a BIBTEO  |b BIBTEO  |d 2019-11-21  |i 2078155  |o 232 KAS 1979  |p 2078155  |r 2025-01-17  |w 2019-11-21  |y BK  |k ICR 
952 |0 0  |1 0  |3 erb  |4 0  |6 232_000000000000000_KAS_1979  |7 0  |8 A  |9 368307  |a BIBTEO  |b BIBTEO  |e Casale Rolle, Carlos Ignacio, -2014  |i 5173965  |o 232 KAS 1979  |p 5173965  |r 2025-01-17  |w 2019-11-21  |y BK  |z Catalogado en:20150514  |k ICR